00646nam a2200181Ia 450000500170000000800460001703700290006304000200009204100130011208400250012524500490015024500540019926000480025330000130030194200230031499900210033795201060035820250508155234.0008 250505s9999 xx 000 0 eng d aBooks to be hide in OPAC aFEDLbengcFEDL aeng2eng a370.954, IND/OqFEDL 0aGeneral educational tables for India 1946-47 0cIndia, Bureau of Education. Ministry of Education aDelhi, IndiabManager of Publication c1951 aiii,47p. cHBh370.954, IND/O c1355427d1355427 00104070aFEDLbFEDLd2025-05-08l0o370.954, IND/OpEL0040350r2025-05-08 15:52:34w2025-05-08yHB